000 01243nam a2200169Ia 4500
008 220216s9999 xx 000 0 und d
100 _aNarayana D
245 0 _aPerennial crop production cycle models: Influence of high yielding varieties and prices
260 _bIndian Journal of Natural Rubber Research
_c1994
300 _a25-37
520 _aThe adjustments in supply response to demand changes in the case of perennial crops are always with a time-lag because of gestation lags and peculiar yield profiles. This leads to characteristic movement of price which in turn makes for phases of area expansion. In order to test the hypothesis a basic model of supply response is set out which is further extended by incorporating introduction of HYV, replanting and price. The empirical analysis of the model using data on natural rubber for the period 1955-1989 has brought out the validity of the model. The production of natural rubber is characterised by cycles owing to the phases in the expansion of area in response to the cyclical behaviour of prices one leading to the other and feeding on it.
650 _aHigh yielding varieties
650 _aNatural rubber
650 _aPerennial crops
650 _aPrice
942 _cJS
999 _c64677
_d64677